| 000 | 00547cam a2200217 4500 | ||
|---|---|---|---|
| 008 | 090401t1991 xxu||||| |||| 00| 0 eng d | ||
| 020 | _a0112429076 | ||
| 035 | _a(Sirsi) u64768 | ||
| 041 | _aeng | ||
| 050 | _a630.0212 | ||
| 110 |
_aMinistry of Agriculture _91876 |
||
| 245 | _aFarm incomes in the United Kingdom 1991 edition | ||
| 260 |
_aLondon _bHMSO _c1991 |
||
| 300 | _avi,119p. ; 30cm. | ||
| 350 | _a18.5 | ||
| 650 | _aFARMING | ||
| 650 | _aSTATISTICS | ||
| 710 |
_aFisheries and Food _91879 |
||
| 942 | _n0 | ||
| 948 | _c04/03/1997 | ||
| 999 |
_c94701 _d94701 |
||